Statistics for Capitals of Island Countries and corresponding Closest Capital City of a Continental Country

Click here to take the quiz!

General Stats

  • This quiz has been taken 83 times
  • The average score is 79 of 94

Answer Stats

Capital City% Correct
Canberra
96%
Canberra
96%
Canberra
96%
Canberra
96%
Canberra
96%
Canberra
96%
Canberra
96%
Canberra
96%
Canberra
96%
Canberra
96%
Canberra
96%
Havana
96%
London
96%
Tokyo
96%
Dublin
94%
Jakarta
94%
Manila
94%
Caracas
92%
Caracas
92%
Caracas
92%
Caracas
92%
Caracas
92%
Caracas
92%
Caracas
92%
Caracas
92%
Kingston
92%
Kingstown
92%
Port-au-Prince
91%
Taipei
91%
Wellington
91%
Male
89%
Nassau
89%
Santo Domingo
89%
Seoul
89%
Seoul
89%
Seoul
89%
Antananarivo
87%
Brussels
87%
Georgetown
87%
Georgetown
87%
Kuala Lumpur
87%
Kuala Lumpur
87%
Kuala Lumpur
87%
Port Moresby
87%
Belmopan
85%
Belmopan
85%
Nicosia
85%
Port-of-Spain
85%
Singapore
85%
Valletta
85%
Amsterdam
83%
Apia
83%
Basseterre
83%
Bridgetown
83%
Colombo (Sri Jaya...)
83%
Saint George's
83%
Suva
83%
Dili
81%
Praia
81%
Reykjavik
81%
Victoria
81%
Dodoma
79%
Hanoi
79%
Honiara
79%
Moroni
79%
Oslo
79%
Port Louis
79%
Roseau
79%
Saint John's
79%
Tripoli
79%
Beirut
77%
Castries
77%
Dakar
75%
Funafuti
75%
Palikir
75%
Panama City
75%
Port-Vila
75%
Yaren
75%
Doha
74%
Sao Tome
74%
Tarawa
74%
Dhaka
72%
Majuro
72%
Manama
72%
Melekeok (Ngerulmud)
72%
Muscat
70%
Nuku'alofa
70%
Bandar Seri Begawan
68%
Mogadishu
66%
Phnom Penh
64%
Phnom Penh
64%
Libreville
62%
Lilongwe
58%
Lilongwe
58%

Score Distribution

Percentile by Number Answered

Percent of People with Each Score

Your Score History

You have not taken this quiz